000 00528nam a2200157Ia 4500
008 220216s9999 xx 000 0 und d
100 _aMahaling R N
245 0 _aNanofiller as crosslinker for polyacrylic elastomers
260 _bProceedings of the National Conference and Exposition on Rubber and Allied Materials. India Rub Tech Expo 2004. 13-14 February, 2004, Mysore.pp.390-393.
650 _aCrosslinker
650 _aElastomers
650 _aNanofiller
700 _aDas C K
700 _aShivkumar E
942 _cJS
999 _c63399
_d63399